Landen per satellietbeeld #3 - Statistieken

Algemene statistieken
  • Deze quiz is 2.875 keer genomen
  • De gemiddelde score is 10 van 16
Antwoordstatistieken
Foto Antwoord % Correct
Verenigde Staten
97%
Turkije
91%
Nieuw-Zeeland
90%
Ierland
87%
Filipijnen
82%
Monaco
82%
Somalië
79%
Qatar
66%
Kroatië
62%
Haïti
58%
Jamaica
49%
Kazachstan
49%
Colombia
38%
Pakistan
32%
Uruguay
22%
Djibouti
18%
Geen overeenkomende quizzen gevonden
Scoreverdeling
Procent van Mensen met Elke Score
Percentiel versus Aantal Correcte Antwoorden
Uw Scoregeschiedenis
U heeft deze quiz nog niet genomen